CP broiler produvtion at kilometer 11 poultry station, ការចិញ្ចឹមមាន់សាចស៊ីភី ជាលក្ខណៈឧស្សាកម្មនៅស្ថានីយ៍ចិញ្ចឹមមាន់សាច់គីឡូម៉ែត​ ១១ (Record no. 1924)

000 -LEADER
fixed length control field 00658nam a22001577a 4500
003 - CONTROL NUMBER IDENTIFIER
control field OSt
005 - DATE AND TIME OF LATEST TRANSACTION
control field 20151005140430.0
008 - FIXED-LENGTH DATA ELEMENTS--GENERAL INFORMATION
fixed length control field 151005b xxu||||| |||| 00| 0 eng d
040 ## - CATALOGING SOURCE
Transcribing agency RUA
082 ## - DEWEY DECIMAL CLASSIFICATION NUMBER
Classification number AVM SEM 1998 B071 Or.1
100 ## - MAIN ENTRY--PERSONAL NAME
9 (RLIN) 2038
Personal name SEM, SOUPHEA.
Numeration SEM, SOUPHEA.
245 ## - TITLE STATEMENT
Title CP broiler produvtion at kilometer 11 poultry station, ការចិញ្ចឹមមាន់សាចស៊ីភី ជាលក្ខណៈឧស្សាកម្មនៅស្ថានីយ៍ចិញ្ចឹមមាន់សាច់គីឡូម៉ែត​ ១១
260 ## - PUBLICATION, DISTRIBUTION, ETC. (IMPRINT)
Place of publication, distribution, etc. Phnom Penh
Name of publisher, distributor, etc. RUA
Date of publication, distribution, etc. 1998
300 ## - PHYSICAL DESCRIPTION
Extent 52p.
Other physical details ill.
Dimensions 29cm.
942 ## - ADDED ENTRY ELEMENTS (KOHA)
Source of classification or shelving scheme
Koha item type AVM
Holdings
Price effective from Date last seen Permanent Location Not for loan Date acquired Source of classification or shelving scheme Koha item type Lost status Withdrawn status Date last checked out Total Checkouts Shelving location Damaged status Barcode Current Location Full call number
2015-10-052021-12-10Library Block B 2015-10-05 AVM  2021-12-015B071 RUA008330Library Block BAVM SEM 1998 B071 Or.1
2015-10-052015-10-05Library Block B 2015-10-05 AVM    B071 RUA020024Library Block BAVM SEM 1998 B071 Or.2
មជ្ឈមណ្ឌលឯការនៃសាកលវិទ្យាល័យភូមិន្ទកសិកម្មចំការដូង

Powered by Koha